| 000 | 00897nam0a22002651 4500 | ||
|---|---|---|---|
| 001 | rc\4364609 | ||
| 005 | 20250612061624.0 | ||
| 021 |
_aRU _b[63-12181] |
||
| 035 | _a(NLR Aleph) 008537541 | ||
| 090 |
_a8326596 _c8326596 |
||
| 100 | _a20130416d1962 |||y0rusy50 ca | ||
| 101 | 0 | _arus | |
| 102 | _aRU | ||
| 105 | _aa z ||||| | ||
| 200 | 1 | _aРасчет дальности действия радиолокационных станций | |
| 210 |
_aМосква _cСов. радио _d1962 |
||
| 215 |
_a204 с. _cчерт. _d27 |
||
| 320 | _aБиблиогр.: с. 106-108 | ||
| 606 |
_aРадиолокационные станции _xДальность действия _xРасчет _2psbo |
||
| 700 | 1 |
_aГолев _bК.В. _gКонстантин Владимирович |
|
| 801 | 0 |
_aRU _bNLR _gpsbo |
|
| 801 | 1 |
_aRU _bELAR _2rusmarc |
|
| 852 |
_aNLR _j63-7/1010 |
||
| 942 | _cBOOK | ||
| 980 | _aNB | ||